| 000 | 00741nam a22002297a 4500 | ||
|---|---|---|---|
| 005 | 20170124105939.0 | ||
| 010 | _aA-351548 | ||
| 020 |
_c00.00 _a8170184827 |
||
| 035 | _aA-351548 | ||
| 037 | _bCen Lib/Ret | ||
| 040 |
_aDPL _bEN |
||
| 082 |
_a304.6 _bRAI |
||
| 100 |
_aRaina, B.L. _91909 |
||
| 245 |
_aPopulation policy / _cby B.L. Raina |
||
| 260 |
_a Delhi _bB.R. Publishing Corporation _c1988 |
||
| 270 |
_a29/9, Shakti nagar Nagina park _bDelhi _e110007 |
||
| 300 |
_axvi, 231p. : _c20cm(Hb) |
||
| 500 | _aIncludes bibliographical reference and index | ||
| 650 |
_aPopulation--Moral and ethical aspects _910760 |
||
| 650 |
_aPopulation policy--Moral and ethical aspects _910761 |
||
| 942 |
_2ddc _cEN _h304.6 _mRAI |
||
| 999 |
_c124435 _d124435 |
||